Catálogo

Vista normal Vista MARC

Entrada Personal Name

Número de registros utilizados en: 2

001 - CONTROL NUMBER

  • control field: 6501

003 - CONTROL NUMBER IDENTIFIER

  • control field: DLC

005 - DATE AND TIME OF LATEST TRANSACTION

  • control field: 20250627102233.0

008 - FIXED-LENGTH DATA ELEMENTS

  • fixed length control field: 800819n| azannaabn |a aaa

010 ## - LIBRARY OF CONGRESS CONTROL NUMBER

  • LC control number: 80034344

040 ## - CATALOGING SOURCE

  • Original cataloging agency: DLC
  • Language of cataloging: spa
  • Description conventions: rda
  • Transcribing agency: Mx-PuUPA
  • Modifying agency: DLC
  • Modifying agency: CCSC
  • Modifying agency: Mx-PuUPA

046 ## - SPECIAL CODED DATES

  • Birth date: 18891012
  • Death date: 19700525

100 1# - HEADING--PERSONAL NAME

  • Personal name: Dawson, Christopher,
  • Dates associated with a name: 1889-1970,

370 ## - ASSOCIATED PLACE

  • Place of birth: Hay-on-Wye, Reino Unido
  • Place of death: Budleigh Salterton, Reino Unido

372 ## - FIELD OF ACTIVITY

  • Field of activity: Religión
  • Source of term: lcsh

373 ## - ASSOCIATED GROUP

  • Associated group: Universidad de Harvard
  • Associated group: Universidad de Winchester
  • Associated group: Colegio Trinidad (Universidad de Oxford)
  • Source of term: naf

374 ## - OCCUPATION

  • Occupation: Historiador y sociólogo
  • Occupation: Autor

375 ## - GENDER

  • Gender: hombre

377 ## - ASSOCIATED LANGUAGE

  • Language code: eng

378 ## - FULLER FORM OF PERSONAL NAME

  • Fuller form of personal name: Christopher Henry

400 1# - SEE FROM TRACING--PERSONAL NAME

  • Personal name: Dawson, Christopher Henry,
  • Dates associated with a name: 1889-1970
  • Control subfield: nna

400 1# - SEE FROM TRACING--PERSONAL NAME

  • Personal name: Dawson, Cristopher,
  • Dates associated with a name: 1889-1970

670 ## - SOURCE DATA FOUND

  • Source citation: The age of the gods ... 1928.

670 ## - SOURCE DATA FOUND

  • Source citation: Religion & culture, 1981:
  • Information found: t.p. (Christopher Dawson)

670 ## - SOURCE DATA FOUND

  • Source citation: El juicio de las naciones, 1944:
  • Information found: t.p. (Cristopher Dawson)

670 ## - SOURCE DATA FOUND

  • Source citation: The dynamics of world history, 1962 :
  • Information found: page 4 of cover (Professor in the Department of Religion at Harvard University; educated at Winchester and Trinity College, Oxford; lecturer at University College, Exeter)

670 ## - SOURCE DATA FOUND

  • Source citation: Biblioteca del Congreso (Estados Unidos), 30 enero 2018 :
  • Information found: catálogo electrónico :
  • Uniform Resource Identifier: https://goo.gl/5mMDJ6

670 ## - SOURCE DATA FOUND

  • Source citation: Wikipedia, 30 enero 2018 :
  • Information found: Christopher Dawson (n. 1889, Hay Castle, Gales - 1970, Budleigh Salterton Yorkshire, Inglaterra), historiador británico :
  • Uniform Resource Identifier: https://es.wikipedia.org/wiki/Christopher_Dawson